Welcome to Dalian [
| Format: | Book |
|---|---|
| Published: |
[s.l]:
[s.n],
[199-].
|
| Subjects: |
| LEADER | 00416cam a2200133 7i4500 | ||
|---|---|---|---|
| 001 | 0000008500 | ||
| 005 | 20001204090000.0 | ||
| 090 | 0 | 0 | |a VCD 004 |b WEL |
| 245 | 0 | 0 | |a Welcome to Dalian [ |m electronic resources]. |
| 260 | 0 | 0 | |a [s.l]: |b [s.n], |c [199-]. |
| 300 | # | # | |a Electronic computer optical disc (VCD). |
| 650 | 0 | 0 | |a China -- |x Economic conditions |
| 651 | 0 | 0 | |a China |
| 999 | |a 0000011976 |b CD-ROM |c AV Collection |e Business Information Centre | ||